Sustainable innovation strategy creating value in a world of finite resource

Salvato in:
Dettagli Bibliografici
Autore principale: Sempels, Christophe
Altri autori: Hoffmann, Jonas
Natura: Libro
Lingua:inglese
Pubblicazione: Basingstoke Palgrave Macmillan 2013
Soggetti:
Tags: Aggiungi Tag
Nessun Tag, puoi essere il primo ad aggiungerne!!

MARC

LEADER 00000nam a2200000 4500
001 0210129
005 20240312120031.2
020 |a 978-1-137-35260-6 
041 0 |a eng 
044 |a GB 
245 1 0 |a Sustainable innovation strategy  |b creating value in a world of finite resource  |c Christophe Sempels, Jonas Hoffmann 
264 1 |a Basingstoke  |b Palgrave Macmillan  |c 2013 
300 |a 262 s. 
610 2 0 |a stratégia podniková 
610 2 0 |a inovácia 
610 2 0 |a rozvoj podniku 
610 2 0 |a rozvoj trvalo udržateľný 
610 2 0 |a hodnota 
610 2 0 |a modely podniku 
610 2 0 |a štúdie prípadové 
100 1 |a Sempels, Christophe 
700 1 |a Hoffmann, Jonas